00670nam a22001937a 4500003000400000005001700004008004100021017004400062020001800106040002400124100002400148245013700172260003800309300002700347504001700374650003400391650003000425700002100455OSt20240102112038.0171220e201704 spc|||||||||||0|| | spa|d aDL B 9443-2017bBiblioteca de Catalunya a9788491167853 aES-BaUOCbcatcCDMR1 aSemir, Vladimir de,10aPeriodistas científicos b: corresponsales en el mundo de la investigación y el conocimiento /cVladimir de Semir, Gema Revuelta aBarcelona :bEditorial UOC,c2017 a160 pàgines ;c23 cm aBibliografia07aPeriodisme científic2lemac 4aDivulgació científica1 aRevuelta, Gemma,